[Event "Tarragona Province-ch"]
[Site "Tarragona"]
[Date "2018.11.25"]
[Round "9.12"]
[White "Aloy Lopez, Xavier"]
[Black "Alfonso Pellisa, Aaron"]
[Result "0-1"]
[WhiteElo "1666"]
[BlackElo "1842"]
[PlyCount "110"]
[EventDate "2018.09.30"]
[EventType "swiss"]
[EventRounds "9"]
[EventCountry "ESP"]
[SourceTitle "CBM 187 Extra"]
[Source "ChessBase"]
[SourceDate "2018.11.04"]
[SourceVersion "1"]
[SourceVersionDate "2018.11.04"]
[SourceQuality "1"]

1. e4 e5 2. Nf3 Nc6 3. d4 exd4 4. Nxd4 Bc5 5. Be3 Qf6 6. c3 Nge7 7. Be2 Bb6 8. 0-0 0-0 9. f4 d6 10. Na3 Qg6 11. Bf3 f5 12. Bh5 Qf6 13. exf5 Nxd4 14. Bxd4 Bxd4+ 15. Qxd4 Qxd4+ 16. cxd4 c6 17. Nc4 Nxf5 18. Bg4 b5 19. Bxf5 bxc4 20. Bxc8 Rfxc8 21. Rac1 Rab8 22. Rxc4 Rxb2 23. Ra4 Rc7 24. Rc1 Kf7 25. Rac4 Rb6 26. Kf2 Ke6 27. Ke3 Kd5 28. Kd3 Rb2 29. R1c2 Rxc2 30. Rxc2 Rb7 31. Ke3 Re7+ 32. Kf3 c5 33. dxc5 dxc5 34. g4 c4 35. Re2 Rxe2 36. Kxe2 Ke4 37. f5 Kf4 38. h3 h5 39. gxh5 Kxf5 40. Kd2 Kg5 41. Kc3 Kxh5 42. Kxc4 Kh4 43. a4 Kxh3 44. a5 g5 45. Kb5 g4 46. Ka6 g3 47. Kxa7 g2 48. a6 g1Q+ 49. Kb7 Qg7+ 50. Kb8 Qf8+ 51. Kb7 Qe7+ 52. Kb8 Qd8+ 53. Kb7 Qd7+ 54. Kb8 Qb5+ 55. Ka7 Kg4 0-1

[Event "Masdenverge op 6th"]
[Site "Masdenverge"]
[Date "2017.07.02"]
[Round "7"]
[White "Pla Andreu, Abraham"]
[Black "Aloy Lopez, Xavier"]
[Result "1-0"]
[WhiteElo "1983"]
[BlackElo "1597"]
[PlyCount "81"]
[EventDate "2017.06.30"]
[EventType "swiss"]
[EventRounds "7"]
[EventCountry "ESP"]
[SourceTitle "EXT 2019"]
[Source "ChessBase"]
[SourceDate "2018.10.10"]
[SourceVersion "1"]
[SourceVersionDate "2018.10.10"]
[SourceQuality "1"]

1. d4 Nf6 2. Nf3 d5 3. Bf4 e6 4. Nbd2 Bd6 5. Bxd6 Qxd6 6. e3 Nbd7 7. c3 c6 8. Bd3 e5 9. dxe5 Nxe5 10. Nxe5 Qxe5 11. Nf3 Qh5 12. Nd4 Qxd1+ 13. Rxd1 0-0 14. 0-0 Be6 15. h3 Rae8 16. Bb1 Rd8 17. Bf5 Rfe8 18. Bxe6 fxe6 19. f3 e5 20. Ne2 c5 21. Rd2 Rd7 22. Rfd1 Red8 23. Kf2 Kf7 24. g3 b6 25. g4 h6 26. Ng3 g6 27. Ke2 Ke7 28. f4 e4 29. g5 hxg5 30. fxg5 Nh7 31. h4 Ke6 32. c4 Ke5 33. cxd5 Rxd5 34. Rxd5+ Rxd5 35. Rf1 Rd7 36. Rf4 Rd4 37. Rf7 Rb4 38. b3 a5 39. Kd2 a4 40. Kc3 a3 41. Rxh7 1-0